| Tag |
First Indicator |
Second Indicator |
Subfields |
| LEADER |
00000cam a2200000 a 4500 |
| 001 |
in00000095591 |
| 005 |
20150923173720.0 |
| 008 |
811203s1980 nmu r s00100 eng |
| 010 |
|
|
|a 81622300
|
| 035 |
|
|
|a (OCoLC)07607604
|
| 035 |
|
|
|9 AAK8239AM
|
| 039 |
0 |
|
|a 2
|b 3
|c 3
|d 3
|e 3
|
| 040 |
|
|
|a DLC
|c DLC
|d TXA
|d UtOrBLW
|
| 043 |
|
|
|a n-us---
|
| 049 |
|
|
|a TXAM
|c [1562030]
|
| 050 |
0 |
0 |
|a L901
|b D514
|
| 082 |
0 |
|
|a 378.73
|2 19
|
| 245 |
0 |
2 |
|a A Directory of Hispanic and American Indian higher education programs /
|c Manuel J. Justiz [and others] ; with the research assistance of Virginia C. Higbie and compilation assistance of Annie S. David.
|
| 264 |
|
1 |
|a Albuquerque, N.M. :
|b College of Education, University of New Mexico,
|c 1980.
|
| 300 |
|
|
|a xi, 270 pages ;
|c 28 cm.
|
| 336 |
|
|
|a text
|b txt
|2 rdacontent
|
| 337 |
|
|
|a unmediated
|b n
|2 rdamedia
|
| 338 |
|
|
|a volume
|b nc
|2 rdacarrier
|
| 500 |
|
|
|a Includes indexes.
|
| 650 |
|
0 |
|a Latin Americans
|x Education
|z United States
|x Directories.
|
| 650 |
|
0 |
|a Indians of North America
|x Education
|z United States
|x Directories.
|
| 650 |
|
0 |
|a Universities and colleges
|z United States
|v Directories.
|
| 700 |
1 |
|
|a Justiz, Manuel J.
|
| 999 |
|
|
|a MARS
|
| 999 |
f |
f |
|s 5e43aad2-026f-36df-b494-f43bac2bb83e
|i 26f9c6bf-b5d1-348d-ad05-91884c1f6e94
|t 0
|
| 952 |
f |
f |
|p normal
|a Texas A&M University
|b College Station
|c Sterling C. Evans Library
|d Evans: Library Stacks
|t 0
|e L901 D514
|h Library of Congress classification
|i unmediated -- volume
|m A14806010709
|
| 998 |
f |
f |
|a L901 D514
|t 0
|l Evans: Library Stacks
|